000
00261nam a22001097a 4500
008
260422b |||||||| |||| 00| 0 eng d
100
_a
Narayanachar, K S
245
_a
Ramakatha Sudha
260
_a
Hubli
_b
Sahitya Prakashana
_c
2016
300
_a
344p
942
_2
ddc
999
_c
1247
_d
1247